000 00855nam a2200265 i 4500
001 bg
100 1 _aNIETZSCHE, Friedrich
_d(1844-1900)
245 1 0 _aListy /
_cFriedrich Nietzsche ; wybrał, przeł. [z niem.] i przedmową opatrzył Bogdan Baran.
260 _aKraków :
_b"Inter-Esse",
_c1994.
300 _a396, [1] s. :
_bfaks., portr. ;
_c20 cm.
500 _aPodst. przekł. : "Sämtliche Briefe".
600 1 9 _aNietzsche, Friedrich (1844-1900)
650 9 _aFilozofia
_xhistoria
_zNiemcy
_y19 w.
650 9 _aListy niemieckie
_y19 w.
655 _akorespondencja
700 1 _aBARAN, Bogdan
_d(1952- ).
_eTł.
020 _a8385109196
040 _cBPK
041 1 _apl
_hde
080 _a1:929(430)"18"](044)A/Z
920 _a83-85109-19-6
942 _cKS
008 s pl f |000 0 pol
999 _c41672
_d41672
856 _uhttp://koha.tu.koszalin.pl/cgi-bin/koha/opac-detail.pl?biblionumber=41672
_yKatalog online BPK